| 000 | 01185nam a22003257a 4500 | ||
|---|---|---|---|
| 003 | DO-SdBNP | ||
| 005 | 20251202114223.0 | ||
| 007 | ta | ||
| 008 | 210705b 2019 dr a c 00| 0 eng d | ||
| 020 | _a9789945457568 | ||
| 040 |
_aDO-SdBNP _bspa _cBNPHU |
||
| 082 | 4 |
_a970.016 _bF363s _222 |
|
| 100 | 1 |
_aFernández de Oviedo y Valdés, Gonzalo, _d1478-1557. _932221 |
|
| 245 | 1 | 0 |
_aSumario de la natural historia de las Indias / _cGonzalo Fernández de Oviedo y Valdés. |
| 260 |
_aSanto Domingo : _bSociedad Dominicana de Bibliófilos, _c2019. |
||
| 300 |
_a178 p. : _bil., retrs. ; _c24 cm. |
||
| 490 | 1 | _aCultura Dominicana | |
| 490 | 1 |
_aSegunda época _v87 |
|
| 500 | _aIncluye datos biográficos del autor : p. 7-9 | ||
| 500 | _aIncluye notas al pie de las páginas. | ||
| 590 | _aInventariado, 2021 /LP | ||
| 650 | 1 | 0 |
_aIndios de América Central _94634 |
| 650 | 1 | 0 |
_aIndios de las Antillas _91049 |
| 650 | 1 | 4 |
_aHistoria natural _zAntillas _954542 |
| 650 | 1 | 4 |
_aAmérica _xRelatos anteriores a 1600 _954544 |
| 830 | 0 |
_aCultura Dominicana _91708 |
|
| 830 | 0 |
_aSegunda época _n87 _979094 |
|
| 910 | _a Lopérez. Validado. Control de calidad MFF | ||
| 942 |
_2ddc _cLBS1 |
||
| 999 |
_c50046 _d50046 |
||